Welcome to the Holygrace Academy Library

Please use search bar below to get started

AN ORDINARY PERSON'S GUIDE TO EMPIRE (Record no. 3868)

MARC details
000 -LEADER
fixed length control field 00648nam a22001457a 4500
020 ## - INTERNATIONAL STANDARD BOOK NUMBER
ISBN 978-0-14-400160-6
082 ## - DEWEY DECIMAL CLASSIFICATION NUMBER
Classification number 823
Item number ROY/O
100 ## - MAIN ENTRY--AUTHOR NAME
Personal name ROY, ARUNDHATI
245 ## - TITLE STATEMENT
Title AN ORDINARY PERSON'S GUIDE TO EMPIRE
260 ## - PUBLICATION, DISTRIBUTION, ETC. (IMPRINT)
Place of publication DELHI
Name of publisher PENGUIN BOOKS
Year of publication 2005
300 ## - PHYSICAL DESCRIPTION
Number of Pages 424
520 ## - SUMMARY, ETC.
Summary, etc “An Ordinary Person's Guide to Empire consists of 14 well-constructed, developed, passionate articles written between June 2002 and November 2004 — in which Roy deconstructs the concepts of empire, brutality, Imperialism, neoliberal capitalism, corporate globalization, racism and state terrorism with a degree of both
650 ## - SUBJECT ADDED ENTRY--TOPICAL TERM
Topical Term NOVEL
Geographic subdivision INDIA
942 ## - ADDED ENTRY ELEMENTS (KOHA)
Koha item type Books
Holdings
Withdrawn status Lost status Collection code Home library Current library Shelving location Date acquired Source of acquisition Cost, normal purchase price Full call number Accession Number Koha item type
    Fiction Main Library Main Library SHELF-14-K- ALPHABETICAL- R --ENGLISH NOVELS & FICTIONS 06/08/2011 purchase 399.00 823 ROY/O 05550 Books